00914nam a2200241 a 450000100060000000300080000600500170001400800410003103500190007204000230009104100080011408200260012210000230014824500630017125000310023426000390026530000200030465000390032494200120036399900170037595201400039295201400053243771BD-RjUL20211209053742.0160627s1967 pk 000 0 eng  a(BD-RjUL)43889 aDLCcDLCdDLCbeng aeng a331.2160954bSHP 1967 aShafi, M. 913453414aThe payment of wages act, 1936 with commentary /cM. Shafi a1967 ed. : rev. up-to-date aKarachi :bBureau of labour,c1967 a32 p. ;c23 cm. aWage Payment SystemzIndia9134535 2ddccBK c43771d43771 00102ddc40708NFICaRUCLbRUCLcStackd1968-02-15eFacieng.g5.00l0o331.2160954 SHP 1967r2016-06-27 00:00:00tC-2w2016-06-27yBK 00102ddc40708NFICaRUCLbRUCLcStackd1968-02-15eFacieng.g5.00l0o331.2160954 SHP 1967r2016-06-27 00:00:00tC-3w2016-06-27yBK